[Event "TCh-POL Ekstraliga 2018"]
[Site "Poland POL"]
[Date "2018.09.15"]
[Round "5.5"]
[Board "4"]
[White "Nguyen, Piotr"]
[Black "Heberla, Bartlomiej"]
[Result "0-1"]
[WhiteTitle "IM"]
[BlackTitle "GM"]
[WhiteElo "2397"]
[BlackElo "2569"]
[WhiteTeam "WIEZA PEGOW"]
[BlackTeam "KSz Stilon Gorzow Wlkp."]
[WhiteFideId "1127993"]
[BlackFideId "1115120"]
[EventDate "2018.06.08"]

1. c4 e5 2. g3 Nf6 3. Bg2 d5 4. cxd5 Nxd5 5. Nc3 Nb6 6. Nf3 Nc6 7. O-O Be7 8.
Rb1 Be6 9. b4 e4 10. Nxe4 Bxa2 11. Bb2 Bxb1 12. Qxb1 O-O 13. Qa1 f6 14. b5 Nb4
15. Nd4 Qd7 16. Qc1 Na4 17. Ba1 a6 18. Qc4+ Rf7 19. Rc1 Nb6 20. Qe6 Qxe6 21.
Nxe6 axb5 22. Bd4 Nc6 23. Be3 Nd5 24. Bc5 Ra2 25. d4 Rxe2 26. N4g5 Ncb4 27. Bf3
fxg5 28. Bxe2 Bxc5 29. dxc5 Re7 30. Nd4 Re4 31. Rd1 Nc3 32. Bf3 Re5 33. Ra1 Rxc5
34. Ne6 Re5 35. Nxc7 Re7 36. Ra8+ Kf7 37. Rc8 b6 38. Ne8 Rxe8 39. Rxc3 Na6 40.
Rc6 Rb8 41. Be2 Nb4 42. Rc1 Ke7 43. Bxb5 Kd6 44. Kg2 Rf8 45. Be2 Nc6 46. Rd1+
Kc7 47. Rc1 Kd6 48. Rd1+ Kc7 49. Rc1 Rf6 50. f3 Rd6 51. Kf2 Rd5 52. Rb1 Nd4 53.
Bd3 h6 54. Be4 Ra5 55. Rc1+ Rc5 56. Ra1 Kd6 57. Ra8 Ne6 58. Ke3 Rb5 59. Ra3 Nc5
60. Bc2 Ra5 61. Rc3 b5 62. Kd4 b4 63. Re3 Ra2 64. Bf5 Ra3 65. Re8 Rxf3 66. Bg4
Rc3 67. Rb8 Nb3+ 68. Ke4 Rc4+ 69. Kf3 Nd4+ 70. Kf2 Nc6 71. Be2 Rc2 72. Rb7 Nd4
73. Ke3 Nxe2 74. Rxb4 Nc3 75. Rb6+ Ke5 0-1

[Event "TCh-POL Ekstraliga 2018"]
[Site "Poland POL"]
[Date "2018.09.15"]
[Round "5.5"]
[Board "5"]
[White "Kanarek, Marcel"]
[Black "Hnydiuk, Aleksander"]
[Result "1/2-1/2"]
[WhiteTitle "GM"]
[BlackTitle "IM"]
[WhiteElo "2505"]
[BlackElo "2417"]
[WhiteTeam "KSz Stilon Gorzow Wlkp."]
[BlackTeam "WIEZA PEGOW"]
[WhiteFideId "1126822"]
[BlackFideId "1109057"]
[EventDate "2018.06.08"]

1. e4 Nf6 2. e5 Nd5 3. d4 d6 4. c4 Nb6 5. f4 dxe5 6. fxe5 Nc6 7. Be3 Bf5 8. Nc3
e6 9. Be2 Be7 10. Nf3 O-O 11. O-O f6 12. exf6 Bxf6 13. Qd2 Qe7 14. Rad1 Rad8 15.
Qc1 Rd7 16. d5 Ne5 17. Nxe5 Bxe5 18. Bg5 Qc5+ 19. Be3 Qe7 20. Bg5 Qc5+ 21. Be3
Qe7 1/2-1/2

[Event "TCh-POL Ekstraliga 2018"]
[Site "Poland POL"]
[Date "2018.09.15"]
[Round "5.5"]
[Board "6"]
[White "Majdan, Joanna"]
[Black "Szczepkowska, Karina"]
[Result "1-0"]
[WhiteTitle "WGM"]
[BlackTitle "IM"]
[WhiteElo "2371"]
[BlackElo "2412"]
[WhiteTeam "WIEZA PEGOW"]
[BlackTeam "KSz Stilon Gorzow Wlkp."]
[WhiteFideId "1121979"]
[BlackFideId "1122681"]
[EventDate "2018.06.08"]

1. e4 e5 2. Nf3 Nc6 3. Nc3 Nf6 4. Bb5 Bb4 5. O-O O-O 6. d3 Bxc3 7. bxc3 d6 8.
Bg5 Qe7 9. Nd2 h6 10. Bh4 Nd8 11. Re1 c6 12. Bc4 Ne6 13. a4 Nf4 14. d4 Be6 15.
Bf1 Rad8 16. Qb1 g5 17. Bg3 Ng6 18. f3 Kh7 19. Nc4 Bxc4 20. Bxc4 Rg8 21. Qc1 Rg7
22. Qe3 a6 23. Rad1 Nh5 24. Bf2 Nhf4 25. Bf1 Qe6 26. Rd2 f6 27. Red1 Rdd7 28. d5
cxd5 29. exd5 Qf7 30. g3 Ne7 31. Kh1 Nfg6 32. c4 f5 33. c5 dxc5 34. Qxc5 Kh8 35.
d6 Ng8 36. Bc4 Qf6 37. Qc8 Nf8 38. Bb3 f4 39. g4 h5 40. gxh5 g4 41. fxg4 Rxg4
42. Qc3 Qg7 43. Re1 Nf6 44. Qxe5 Rg2 45. Bh4 1-0

[Event "TCh-POL Ekstraliga 2018"]
[Site "Poland POL"]
[Date "2018.09.16"]
[Round "6.1"]
[Board "1"]
[White "Kempinski, Robert"]
[Black "Moranda, Wojciech"]
[Result "1/2-1/2"]
[WhiteTitle "GM"]
[BlackTitle "GM"]
[WhiteElo "2575"]
[BlackElo "2601"]
[WhiteTeam "KSz Miedz Legnica"]
[BlackTeam "WIEZA PEGOW"]
[WhiteFideId "1105663"]
[BlackFideId "1122401"]
[EventDate "2018.06.08"]

1. d4 Nf6 2. c4 g6 3. Nc3 Bg7 4. Nf3 d6 5. g3 O-O 6. Bg2 Nc6 7. O-O e5 8. h3
Nxd4 9. Nxd4 exd4 10. Qxd4 Nd7 11. Qd2 a5 12. b3 a4 13. Rb1 axb3 14. axb3 Nc5
15. Qc2 Bd7 16. Bb2 Re8 17. Rfe1 Bc6 18. Ra1 Rxa1 19. Rxa1 Bxg2 20. Kxg2 c6 21.
b4 Nd7 22. Nd1 Bxb2 23. Nxb2 Qb6 24. Nd3 Qd4 25. Ra2 Nf6 26. e3 Qe4+ 27. Kh2 Nd7
28. Qc3 h5 29. h4 Qf5 30. Qd4 Nf6 31. Qxd6 Ng4+ 32. Kg1 Ne5 33. Nxe5 Qb1+ 34.
Kg2 Qxa2 35. Qf6 Rf8 36. Nxg6 1/2-1/2

[Event "TCh-POL Ekstraliga 2018"]
[Site "Poland POL"]
[Date "2018.09.16"]
[Round "6.1"]
[Board "2"]
[White "Dziuba, Marcin"]
[Black "Bobras, Piotr"]
[Result "1-0"]
[WhiteTitle "GM"]
[BlackTitle "GM"]
[WhiteElo "2577"]
[BlackElo "2499"]
[WhiteTeam "WIEZA PEGOW"]
[BlackTeam "KSz Miedz Legnica"]
[WhiteFideId "1112953"]
[BlackFideId "1106880"]
[EventDate "2018.06.08"]

1. d4 Nf6 2. c4 g6 3. Nc3 Bg7 4. e4 d6 5. Nf3 O-O 6. Be2 e5 7. O-O Nc6 8. d5 Ne7
9. b4 a5 10. Ba3 axb4 11. Bxb4 Re8 12. a4 Bf8 13. Nd2 c5 14. Ba3 Bh6 15. Bb2 Rf8
16. Ra3 Ra6 17. Qc2 Ne8 18. Nb5 f5 19. exf5 gxf5 20. g3 Ng6 21. h4 Bxd2 22. Qxd2
f4 23. h5 Nh4 24. gxf4 Rxf4 25. Rg3+ Kf7 26. Bc1 Nf6 27. Qc2 Bf5 28. Qb3 Ne4 29.
Bxf4 exf4 30. Rg4 Bxg4 31. Bxg4 Qg5 32. Qh3 f3 33. Kh1 Rxa4 34. Bxf3 Ra1 35.
Bxe4 Rxf1+ 36. Qxf1 Qg4 37. Qd3 Qxh5 38. Qh3 Qd1+ 39. Kh2 1-0

[Event "TCh-POL Ekstraliga 2018"]
[Site "Poland POL"]
[Date "2018.09.16"]
[Round "6.1"]
[Board "3"]
[White "Simacek, Pavel"]
[Black "Michalik, Peter"]
[Result "1/2-1/2"]
[WhiteTitle "GM"]
[BlackTitle "GM"]
[WhiteElo "2490"]
[BlackElo "2552"]
[WhiteTeam "KSz Miedz Legnica"]
[BlackTeam "WIEZA PEGOW"]
[WhiteFideId "307165"]
[BlackFideId "14907526"]
[EventDate "2018.06.08"]

1. e4 e5 2. Nf3 Nc6 3. d4 exd4 4. Nxd4 Nf6 5. Nc3 Bb4 6. Nxc6 bxc6 7. Bd3 d5 8.
exd5 cxd5 9. Qe2+ Qe7 10. Qxe7+ Kxe7 11. O-O c6 12. Be3 Be6 13. Na4 Nd7 14. Ba6
Bd6 15. Rad1 Rab8 16. Rfe1 Rhe8 17. c4 dxc4 18. Bxc4 Bxc4 19. Bc5+ Kd8 20. Bxd6
Rxe1+ 21. Rxe1 Rc8 22. b3 Be6 23. Rc1 Ke8 24. f3 f5 25. Kf2 Kf7 26. Bf4 a6 27.
Be3 h6 28. h4 Kf6 29. Bd4+ Kf7 30. Nb2 g5 31. Nc4 Bxc4 32. Rxc4 c5 33. b4 Ke6
34. bxc5 Kd5 35. Ra4 Nxc5 36. Bxc5 Rxc5 37. hxg5 hxg5 38. Rxa6 Rc2+ 39. Kg3 Ke5
40. Kh3 Rf2 41. Ra5+ Kf6 42. Ra6+ Ke5 43. a3 Ra2 44. Kg3 Ra1 45. Ra8 Ra2 46. a4
Kf6 47. a5 Kg7 48. a6 Kf7 49. Kh2 Kg7 50. Kg1 Ra1+ 51. Kf2 Ra2+ 52. Kf1 Ra1+ 53.
Kf2 Ra2+ 54. Kg3 Kf7 55. Kh3 Ra3 56. a7 Kg7 57. Kg3 Ra2 58. Kh2 Kh7 59. Kg1 f4
60. Kf1 Kg7 61. Ke1 g4 62. fxg4 Kh7 63. Kd1 Kg7 64. Kc1 Kh7 65. Kb1 Ra5 66. Kc2
Kg7 67. Kd3 Ra6 68. Ke4 Ra5 69. g5 Ra4+ 70. Kf5 Ra5+ 71. Kxf4 Ra2 72. g4 Ra3 73.
g6 Ra5 74. Kg3 Ra3+ 75. Kh4 Ra4 76. Rb8 Rxa7 77. Rb6 Ra5 78. Rc6 Rb5 79. g5 Rb1
80. Kh5 1/2-1/2

[Event "TCh-POL Ekstraliga 2018"]
[Site "Poland POL"]
[Date "2018.09.16"]
[Round "6.1"]
[Board "4"]
[White "Nguyen, Piotr"]
[Black "Murdzia, Piotr"]
[Result "1/2-1/2"]
[WhiteTitle "IM"]
[BlackTitle "IM"]
[WhiteElo "2397"]
[BlackElo "2414"]
[WhiteTeam "WIEZA PEGOW"]
[BlackTeam "KSz Miedz Legnica"]
[WhiteFideId "1127993"]
[BlackFideId "1105671"]
[EventDate "2018.06.08"]

1. Nf3 Nf6 2. c4 e6 3. g3 b6 4. Bg2 Bb7 5. O-O Be7 6. b3 O-O 7. Bb2 c5 8. e3 d5
9. Nc3 Nbd7 10. Qe2 Qc7 11. Rfd1 Rac8 12. Rac1 Qb8 13. cxd5 Nxd5 14. Nxd5 Bxd5
15. e4 Bb7 16. d4 cxd4 17. Nxd4 Rxc1 18. Rxc1 Rc8 19. Rxc8+ Qxc8 20. e5 Bc5 21.
Nc2 Qa8 22. Bxb7 Qxb7 23. Qd3 b5 24. b4 Be7 25. a3 a6 26. Bd4 h5 27. h4 Qc6 28.
f3 Bd8 29. Qc3 Qxc3 30. Bxc3 Bc7 31. f4 f6 32. exf6 Nxf6 33. Kg2 Ne4 34. Be1 Nd6
35. Nd4 Kf7 36. Nb3 Nc4 37. Nc5 a5 38. bxa5 Bxa5 39. Bxa5 Nxa5 40. Kf3 Nc4 41.
a4 bxa4 42. Ke4 1/2-1/2

[Event "TCh-POL Ekstraliga 2018"]
[Site "Poland POL"]
[Date "2018.09.16"]
[Round "6.1"]
[Board "5"]
[White "Sieciechowicz, Marcin"]
[Black "Hnydiuk, Aleksander"]
[Result "1/2-1/2"]
[WhiteTitle "IM"]
[BlackTitle "IM"]
[WhiteElo "2410"]
[BlackElo "2417"]
[WhiteTeam "KSz Miedz Legnica"]
[BlackTeam "WIEZA PEGOW"]
[WhiteFideId "1130170"]
[BlackFideId "1109057"]
[EventDate "2018.06.08"]

1. d4 Nf6 2. Nf3 e6 3. c4 Bb4+ 4. Bd2 c5 5. Bxb4 cxb4 6. e3 O-O 7. Bd3 d6 8. O-O
Qe7 9. Nbd2 e5 10. Ne1 Nc6 11. d5 Nb8 12. Nc2 a5 13. a3 bxa3 14. Rxa3 b6 15. b4
Na6 16. Qb1 Qc7 17. Nb3 axb4 18. Nxb4 Bb7 19. Nxa6 Rxa6 20. Rxa6 Bxa6 21. Nd2
Ra8 22. h3 h6 23. Rc1 Nd7 24. Ne4 Bb7 25. Qb4 Nc5 26. Nxc5 bxc5 27. Qb5 Kf8 28.
Rb1 Bc8 29. Qc6 Ra7 30. Qxc7 Rxc7 31. Rb8 Ke7 32. g4 Bd7 33. Kg2 Ra7 34. Kg3 Ra3
35. Be2 Ra2 36. Bd3 Ra3 37. Be2 Ra2 1/2-1/2

[Event "TCh-POL Ekstraliga 2018"]
[Site "Poland POL"]
[Date "2018.09.16"]
[Round "6.1"]
[Board "6"]
[White "Majdan, Joanna"]
[Black "Kiolbasa, Oliwia"]
[Result "1/2-1/2"]
[WhiteTitle "WGM"]
[BlackTitle "WIM"]
[WhiteElo "2371"]
[BlackElo "2193"]
[WhiteTeam "WIEZA PEGOW"]
[BlackTeam "KSz Miedz Legnica"]
[WhiteFideId "1121979"]
[BlackFideId "1154613"]
[EventDate "2018.06.08"]

1. e4 e5 2. Nf3 Nc6 3. Bb5 a6 4. Ba4 Nf6 5. O-O Be7 6. d3 b5 7. Bb3 d6 8. a4 b4
9. Nbd2 Na5 10. Ba2 c5 11. Nc4 Nxc4 12. Bxc4 O-O 13. c3 bxc3 14. bxc3 Rb8 15.
Qc2 Bg4 16. Nd2 d5 17. exd5 Nxd5 18. Re1 Be6 19. Nf3 Bf6 20. Bd2 Qd6 21. Bg5
Bxg5 22. Nxg5 Bf5 23. Ne4 Qc6 24. Ng3 Nf4 25. f3 Bh3 26. Rxe5 Nxg2 27. Qf2 Nf4
28. Qe3 Qf6 29. Qxc5 Rb2 30. Rae1 Bd7 31. Nf5 Qg6+ 32. Ng3 Nh3+ 33. Kh1 Nf2+ 34.
Kg1 Nh3+ 35. Kh1 Nf2+ 36. Kg1 Nh3+ 1/2-1/2

[Event "TCh-POL Ekstraliga 2018"]
[Site "Poland POL"]
[Date "2018.09.16"]
[Round "6.2"]
[Board "1"]
[White "Bartel, Mateusz"]
[Black "Kryvoruchko, Yuriy"]
[Result "0-1"]
[WhiteTitle "GM"]
[BlackTitle "GM"]
[WhiteElo "2602"]
[BlackElo "2705"]
[WhiteTeam "KSz Polonia Wroclaw"]
[BlackTeam "KSz Stilon Gorzow Wlkp."]
[WhiteFideId "1112635"]
[BlackFideId "14109182"]
[EventDate "2018.06.08"]

1. f4 d5 2. g3 Nc6 3. d4 h5 4. Nf3 h4 5. Nxh4 Rxh4 6. gxh4 e5 7. Be3 Qxh4+ 8.
Bf2 Qxf4 9. Bg2 Nf6 10. Nc3 exd4 11. Nb5 Ne4 12. O-O Nxf2 13. Rxf2 Qe5 14. Bxd5
Be6 15. Bxe6 fxe6 16. Qd3 O-O-O 17. Na3 Be7 18. Raf1 Qd5 19. Rg2 Qxa2 20. Rxg7
Qxb2 21. Nc4 Qb4 22. Nd2 Qc5 23. Ne4 Qe5 24. Rff7 Rh8 25. h3 a5 26. Rxe7 Nxe7
27. Rxe7 Rg8+ 28. Kh1 Qf4 29. Ng3 Qh4 0-1

[Event "TCh-POL Ekstraliga 2018"]
[Site "Poland POL"]
[Date "2018.09.16"]
[Round "6.2"]
[Board "2"]
[White "Piorun, Kacper"]
[Black "Mastrovasilis, Dimitrios"]
[Result "1-0"]
[WhiteTitle "GM"]
[BlackTitle "GM"]
[WhiteElo "2631"]
[BlackElo "2580"]
[WhiteTeam "KSz Stilon Gorzow Wlkp."]
[BlackTeam "KSz Polonia Wroclaw"]
[WhiteFideId "1130420"]
[BlackFideId "4202694"]
[EventDate "2018.06.08"]

1. e4 d5 2. exd5 Qxd5 3. Nc3 Qd6 4. d4 Nf6 5. Nf3 Bg4 6. Be2 c6 7. Be3 Nbd7 8.
Qd2 e6 9. Bf4 Qb4 10. a3 Qb6 11. O-O Be7 12. h3 Bh5 13. Na4 Qd8 14. c4 Nb6 15.
Nxb6 Qxb6 16. b4 O-O 17. g4 Bg6 18. Ne5 Qd8 19. h4 h5 20. Nxg6 fxg6 21. g5 Ne4
22. Qe3 Nd6 23. Qxe6+ Kh7 24. Bg3 Nf5 25. Bd3 Bxg5 26. Bxf5 Rxf5 27. hxg5 Qxg5
28. Qe4 Raf8 29. Qh4 Qh6 30. f4 1-0

[Event "TCh-POL Ekstraliga 2018"]
[Site "Poland POL"]
[Date "2018.09.16"]
[Round "6.2"]
[Board "3"]
[White "Tazbir, Marcin"]
[Black "Krasenkow, Michal"]
[Result "1/2-1/2"]
[WhiteTitle "GM"]
[BlackTitle "GM"]
[WhiteElo "2525"]
[BlackElo "2631"]
[WhiteTeam "KSz Polonia Wroclaw"]
[BlackTeam "KSz Stilon Gorzow Wlkp."]
[WhiteFideId "1122452"]
[BlackFideId "1113100"]
[EventDate "2018.06.08"]

1. c4 e5 2. Nc3 d6 3. g3 g6 4. Bg2 Bg7 5. d3 Nf6 6. e4 O-O 7. Nge2 Nc6 8. O-O
Nd7 9. Rb1 a5 10. Be3 Nc5 11. d4 exd4 12. Nxd4 Ne5 13. b3 c6 14. h3 f5 15. exf5
gxf5 16. Nde2 Qe7 17. Qd2 Ne4 18. Qc1 Nxc3 19. Nxc3 f4 20. gxf4 Ng6 21. Ne2 Bf5
22. Qd2 Nh4 23. Bh1 Bxb1 24. Rxb1 a4 25. Ng3 axb3 26. axb3 Nf5 27. Nxf5 Rxf5 28.
b4 Qe6 29. Qd3 Rh5 30. b5 Qxh3 31. Bg2 Qd7 32. Bf3 Rh4 33. Rd1 Qh3 34. Qe4 Rg4+
35. Bg2 Qh5 36. bxc6 Rxg2+ 37. Kxg2 Qg4+ 38. Kh2 Qh4+ 39. Kg2 Qg4+ 40. Kh2 Qh4+ 1/2-1/2

[Event "TCh-POL Ekstraliga 2018"]
[Site "Poland POL"]
[Date "2018.09.16"]
[Round "6.2"]
[Board "4"]
[White "Heberla, Bartlomiej"]
[Black "Gumularz, Szymon"]
[Result "1-0"]
[WhiteTitle "GM"]
[BlackTitle "IM"]
[WhiteElo "2569"]
[BlackElo "2452"]
[WhiteTeam "KSz Stilon Gorzow Wlkp."]
[BlackTeam "KSz Polonia Wroclaw"]
[WhiteFideId "1115120"]
[BlackFideId "1188062"]
[EventDate "2018.06.08"]

1. d4 Nf6 2. c4 e6 3. Nc3 Bb4 4. e3 O-O 5. Bd2 d5 6. Nf3 b6 7. cxd5 exd5 8. Rc1
Bb7 9. Bd3 a6 10. O-O Nbd7 11. Ne5 Re8 12. f4 Bxc3 13. Bxc3 Ne4 14. Qh5 g6 15.
Qh6 Nxe5 16. fxe5 Qg5 17. Qh3 Bc8 18. Qf3 Bf5 19. Bxe4 dxe4 20. Qe2 Be6 21. b3
c5 22. dxc5 bxc5 23. Rf4 Rad8 24. Rxe4 h5 25. h4 Qf5 26. Rf4 Qd3 27. Qf2 Rd7 28.
Kh2 Qb5 29. Rf1 Qd3 30. Rc1 Qb5 31. Rf6 Rd3 32. Qg3 Kh7 33. Qf4 Re7 34. Rc2 Red7
35. Bb2 Rd1 36. Rf2 Qd3 37. Ba3 Qb1 38. Bxc5 Rh1+ 39. Kg3 Qg1 40. Rxe6 fxe6 41.
Qf6 Qh2+ 42. Kf3 Qxh4 43. Qxe6 Rg7 44. Bf8 Rc7 45. Ke2 Qg4+ 46. Qxg4 hxg4 47.
Kd3 Kg8 48. Bd6 Rc8 49. Ke4 Rd1 50. Kf4 Rcc1 51. Kg5 Rf1 52. Rf6 Rxf6 53. Kxf6
Rd1 54. Bc5 Rd7 55. e6 Rc7 56. e7 Rc6+ 57. Bd6 Rc8 58. b4 g5 1-0

[Event "TCh-POL Ekstraliga 2018"]
[Site "Poland POL"]
[Date "2018.09.16"]
[Round "6.2"]
[Board "5"]
[White "Dobrowolski, Piotr"]
[Black "Kanarek, Marcel"]
[Result "0-1"]
[WhiteTitle "IM"]
[BlackTitle "GM"]
[WhiteElo "2423"]
[BlackElo "2505"]
[WhiteTeam "KSz Polonia Wroclaw"]
[BlackTeam "KSz Stilon Gorzow Wlkp."]
[WhiteFideId "1106236"]
[BlackFideId "1126822"]
[EventDate "2018.06.08"]

1. e4 c6 2. d4 d5 3. Nc3 dxe4 4. Nxe4 Bf5 5. Ng3 Bg6 6. h4 h6 7. Nf3 Nd7 8. h5
Bh7 9. Bd3 Bxd3 10. Qxd3 e6 11. Bd2 Ngf6 12. O-O-O Be7 13. Kb1 Qb6 14. Rhe1 c5
15. c4 cxd4 16. Nxd4 Bc5 17. Bc3 O-O 18. f4 Rfd8 19. Nb3 Bb4 20. Bxb4 Qxb4 21.
f5 Nb6 22. Qxd8+ Rxd8 23. Rxd8+ Kh7 24. Rc1 Nxc4 25. fxe6 fxe6 26. Rd4 b5 27.
Rd3 e5 28. a3 Qe7 29. Re1 e4 30. Nd2 Qe5 31. Nxc4 bxc4 32. Rc3 Qd4 33. Ka1 Nd5
34. Nxe4 Nxc3 35. Nxc3 Qg4 36. Re5 Qxg2 37. Ka2 g5 38. Ne4 Kg7 39. Re6 Kf7 0-1

[Event "TCh-POL Ekstraliga 2018"]
[Site "Poland POL"]
[Date "2018.09.16"]
[Round "6.2"]
[Board "6"]
[White "Szczepkowska, Karina"]
[Black "Zawadzka, Jolanta"]
[Result "1/2-1/2"]
[WhiteTitle "IM"]
[BlackTitle "WGM"]
[WhiteElo "2412"]
[BlackElo "2434"]
[WhiteTeam "KSz Stilon Gorzow Wlkp."]
[BlackTeam "KSz Polonia Wroclaw"]
[WhiteFideId "1122681"]
[BlackFideId "1122320"]
[EventDate "2018.06.08"]

1. d4 d5 2. c4 e6 3. Nf3 Nf6 4. Nc3 Bb4 5. cxd5 exd5 6. Bg5 h6 7. Bh4 c5 8. e3
c4 9. Nd2 g5 10. Bg3 Nc6 11. Be2 Bf5 12. Be5 Nxe5 13. dxe5 Bxc3 14. bxc3 Nd7 15.
e4 Bxe4 16. Nxe4 dxe4 17. Qd5 Qb6 18. Qxe4 O-O 19. h4 Nxe5 20. Qxe5 Rae8 21. Qg3
Rxe2+ 22. Kxe2 Re8+ 23. Kf1 Qb2 24. Re1 Rxe1+ 25. Kxe1 Qc1+ 26. Ke2 Qc2+ 27. Kf3
Qf5+ 28. Ke2 Qc2+ 29. Kf3 Qf5+ 30. Ke2 Qc2+ 1/2-1/2

[Event "TCh-POL Ekstraliga 2018"]
[Site "Poland POL"]
[Date "2018.09.16"]
[Round "6.3"]
[Board "1"]
[White "Wojtaszek, Radoslaw"]
[Black "Klekowski, Maciej"]
[Result "1/2-1/2"]
[WhiteTitle "GM"]
[BlackTitle "IM"]
[WhiteElo "2730"]
[BlackElo "2509"]
[WhiteTeam "Wasko HETMAN GKS Katowice"]
[BlackTeam "TS Wisla Krakow"]
[WhiteFideId "1118358"]
[BlackFideId "1132717"]
[EventDate "2018.06.08"]

1. d4 Nf6 2. c4 e6 3. Nf3 b6 4. a3 Bb7 5. Nc3 d5 6. cxd5 exd5 7. g3 Be7 8. Qa4+
c6 9. Ne5 O-O 10. Bg2 Nfd7 11. Nd3 Na6 12. O-O Nc7 13. e4 dxe4 14. Nxe4 Nd5 15.
Bd2 a5 16. Rfe1 Rc8 17. Rac1 Ba6 18. Ne5 Bb5 19. Qc2 a4 20. Bh3 c5 21. Nxd7 Bxd7
22. Bxd7 Qxd7 23. dxc5 bxc5 24. Rcd1 Qc6 25. Bg5 Bxg5 26. Nxg5 Nf6 27. Qc4 h6
28. Ne4 Nxe4 29. Rxe4 Rfe8 30. Rf4 Re7 31. Qxa4 Qb7 32. Qc2 Rce8 33. Qc3 Re2 34.
b4 cxb4 35. axb4 Rc8 36. Qf3 Qxf3 37. Rxf3 Rb2 38. Rd4 Rb8 39. Rff4 g5 40. Rfe4
Rb7 41. h4 Kg7 42. hxg5 hxg5 43. Kg2 f6 44. g4 Kg6 45. Rc4 Ra7 46. Rc5 Rb7 47.
Rcc4 1/2-1/2

[Event "TCh-POL Ekstraliga 2018"]
[Site "Poland POL"]
[Date "2018.09.16"]
[Round "6.3"]
[Board "2"]
[White "Matuszewski, Michal"]
[Black "Navara, David"]
[Result "0-1"]
[WhiteTitle "IM"]
[BlackTitle "GM"]
[WhiteElo "2505"]
[BlackElo "2727"]
[WhiteTeam "TS Wisla Krakow"]
[BlackTeam "Wasko HETMAN GKS Katowice"]
[WhiteFideId "1129775"]
[BlackFideId "309095"]
[EventDate "2018.06.08"]

1. d4 Nf6 2. Bg5 d5 3. Nd2 c5 4. dxc5 e6 5. Nb3 Nbd7 6. e3 Nxc5 7. Nxc5 Bxc5 8.
c3 Qb6 9. Bxf6 gxf6 10. Rb1 e5 11. Qxd5 Be6 12. Qe4 O-O-O 13. b4 Bxa2 14. Rc1
Be7 15. Bc4 Bxc4 16. Qxc4+ Kb8 17. Qxf7 Qc6 18. Ne2 Rd7 19. Qg7 Rhd8 20. Qg4 h5
21. Qf3 Qb5 22. O-O e4 23. Qf4+ Bd6 24. c4 Bxf4 25. cxb5 Be5 26. Rc4 f5 27. f4
exf3 28. Rxf3 Rd5 29. g3 Bb2 30. Nf4 Rxb5 31. Nxh5 Rc8 32. Rff4 Rxc4 33. Rxc4
Ba3 34. Kf2 Bxb4 35. Ke2 a5 36. Kd3 a4 37. Rc2 Bd6 38. Nf4 a3 39. Kd2 Rb1 40.
Nd5 b5 41. Ra2 Kb7 42. Kc2 Re1 43. Kb3 Ka6 44. Rd2 Ka5 45. Nc3 Be5 46. Nd1 b4
47. Rd5+ Kb6 48. Rd2 Kc5 49. Rc2+ Kd5 50. Rd2+ Ke4 51. Ka2 Bc3 52. Rd8 Re2+ 53.
Kb3 a2 54. Nxc3+ bxc3 0-1

[Event "TCh-POL Ekstraliga 2018"]
[Site "Poland POL"]
[Date "2018.09.16"]
[Round "6.3"]
[Board "3"]
[White "Miton, Kamil"]
[Black "Leniart, Arkadiusz"]
[Result "1/2-1/2"]
[WhiteTitle "GM"]
[BlackTitle "IM"]
[WhiteElo "2604"]
[BlackElo "2489"]
[WhiteTeam "Wasko HETMAN GKS Katowice"]
[BlackTeam "TS Wisla Krakow"]
[WhiteFideId "1111914"]
[BlackFideId "1124226"]
[EventDate "2018.06.08"]

1. d4 d5 2. c4 e6 3. Nc3 Nf6 4. cxd5 exd5 5. Bg5 c6 6. e3 Be7 7. Bd3 O-O 8. Qc2
h6 9. Bh4 Nh5 10. Bxe7 Qxe7 11. O-O-O a5 12. h3 Na6 13. Bxa6 Rxa6 14. Nge2 Re8
15. g4 Nf6 16. Ng3 c5 17. dxc5 Be6 18. Rd4 Rc8 19. Kb1 Rac6 20. Rhd1 Rxc5 21.
Qd3 Qc7 22. a3 b5 23. Nxb5 Qb6 24. a4 Bd7 25. Nf5 Bxb5 26. axb5 R8c7 27. Rd2
Rxb5 28. Rc2 Rb3 29. Qxb3 Qxb3 30. Rxc7 a4 31. Rc3 Qb5 32. Rcd3 Kf8 33. Ng3 Ne4
34. Nxe4 dxe4 35. Rd8+ Ke7 36. R3d7+ Qxd7 37. Rxd7+ Kxd7 38. Ka2 Kc6 39. Ka3 Kb5
40. h4 g5 41. hxg5 hxg5 42. b3 axb3 43. Kxb3 f6 44. Kc3 Kc5 45. Kb3 Kb5 1/2-1/2

[Event "TCh-POL Ekstraliga 2018"]
[Site "Poland POL"]
[Date "2018.09.16"]
[Round "6.3"]
[Board "4"]
[White "Tomczak, Mikolaj"]
[Black "Gajewski, Grzegorz"]
[Result "1-0"]
[WhiteTitle "FM"]
[BlackTitle "GM"]
[WhiteElo "2418"]
[BlackElo "2607"]
[WhiteTeam "TS Wisla Krakow"]
[BlackTeam "Wasko HETMAN GKS Katowice"]
[WhiteFideId "1175114"]
[BlackFideId "1116207"]
[EventDate "2018.06.08"]

1. d4 Nf6 2. c4 e6 3. Nf3 Bb4+ 4. Bd2 a5 5. g3 Qe7 6. Bg2 Bxd2+ 7. Qxd2 Qb4 8.
Ne5 Na6 9. Nc3 O-O 10. e3 Qe7 11. O-O d6 12. Nd3 Nb4 13. Nf4 c6 14. a3 Na6 15.
b4 e5 16. Nfe2 e4 17. c5 d5 18. b5 Nc7 19. bxc6 bxc6 20. Rab1 Ne6 21. Rb6 Bd7
22. Nf4 h5 23. Nxe6 fxe6 24. Rb7 Qe8 25. Qb2 h4 26. h3 Qg6 27. Ne2 Qh6 28. Nf4
g5 29. Ne2 Qh5 30. g4 Qe8 31. f4 exf3 32. Rxf3 Bc8 33. Rc7 Nd7 34. Rxf8+ Nxf8
35. e4 Ba6 36. Nc3 Rc8 37. Ra7 Ra8 38. Qb6 Rxa7 39. Qxa7 Bc4 40. Qxa5 Qb8 41.
Nd1 Qb3 42. Qd2 Ng6 43. exd5 exd5 44. Ne3 Nf4 45. Nf5 Qxa3 46. Kh2 Bd3 47. Qe3
Qa7 48. Qe8+ Kh7 49. Ne7 Kg7 50. Qg8+ Kf6 51. Qf8+ Ke6 52. Ng8 1-0

[Event "TCh-POL Ekstraliga 2018"]
[Site "Poland POL"]
[Date "2018.09.16"]
[Round "6.3"]
[Board "5"]
[White "Socko, Bartosz"]
[Black "Mikrut, Dariusz"]
[Result "1-0"]
[WhiteTitle "GM"]
[BlackTitle "IM"]
[WhiteElo "2588"]
[BlackElo "2379"]
[WhiteTeam "Wasko HETMAN GKS Katowice"]
[BlackTeam "TS Wisla Krakow"]
[WhiteFideId "1107038"]
[BlackFideId "1112791"]
[EventDate "2018.06.08"]

1. d4 Nf6 2. c4 g6 3. Nc3 Bg7 4. e4 d6 5. f3 O-O 6. Nge2 c5 7. Be3 Nbd7 8. Qd2
a6 9. dxc5 dxc5 10. Rd1 Qa5 11. Nc1 e6 12. Be2 Qc7 13. O-O b6 14. f4 e5 15. f5
Bb7 16. g4 Rfd8 17. Bf3 Nf8 18. Nd3 Ne8 19. Nd5 Bxd5 20. cxd5 Nd6 21. Rc1 Qe7
22. Bg2 Nd7 23. a4 a5 24. b3 gxf5 25. gxf5 Kh8 26. Kh1 Rg8 27. Nb2 Nf6 28. Bg5
Qe8 29. Qe1 1-0